Представление документа в формате RUSMARC

ПолеНазваниеЗначение
  Тип записи a
  Библиографический уровень m
001 Контрольный номер RU/SLIB/B/208711101
005 Дата корректировки 20241107085608.7
010 Индекс ISBN __
d Цена 76-00
101 Язык документа 0_
a Язык текста rus
200 Заглавие и сведения об ответственности 1_
a Заглавие Энциклопедия для детей
f Первые сведения об ответственности гл. ред. М. Аксенова
b Общее обозначение материала Текст
h Номер части Т. 6, ч.2
i Наименование части Религии мира
205 Сведения об издании __
a Основные сведения об издании 2-е изд., испр.
210 Выходные данные 1_
a Место издания М.
c Издательство Аванта+
d Дата издания 1997
215 Физическое описание __
a Объем 688 с.
c Иллюстрации/тип воспроизводства ил.
606 Тематические рубрики __
a Основная рубрика Литература универсального содержания
606 Тематические рубрики __
a Основная рубрика Религия. Мистика. Свободомыслие
606 Тематические рубрики __
a Основная рубрика Справочные издания
610 Ключевые слова 0_
a Ключевые слова отдельные религии; религиозные секты; религиозные суеверия; религиозные деятели; религиозные культы; религиозный мистицизм; религиозные обряды; буддизм; ислам; католицизм; православие; протестантизм; христианство
686 Индексы других классификаций __
2 Код системы rubbks
a Классификационный индекс 92
686 Индексы других классификаций __
a Классификационный индекс 86.3я2
702 Вторичная интеллектуальная ответственность _1
a Фамилия Аксенова
b Имя М.
4 Код отношения Главный редактор
4 Код отношения 651
801 Источник записи _0
a Страна RU
b Организация Муниципальное бюджетное учреждение культуры "Централизованная библиотечная система" г. Сургут (Центральная городская библиотека им. А. С. Пушкина)
g Правила каталогизации ОБ/Бутенко
801 Источник записи _1
a Страна RU
b Организация Муниципальное бюджетное учреждение культуры "Централизованная библиотечная система" г. Сургут (Центральная городская библиотека им. А. С. Пушкина)
g Правила каталогизации ОБ/Бутенко
852 Данные о местонахождении __
j Шифр хранения 92
c Каталожный индекс 92; 86.3я2
i Авторский знак Э 68
p Инвентарный номер 71446
901 Тип документа __
t Тип документа m
903 Характеристики (МАРС) __
a Дата передачи 19990323
969 Тип издания __
a Тип издания энциклопедия
990 Данные о заказе (DOS) __
j Количество экземпляров (DOS) 2
t N записи в КСУ для И/У (DOS) 199901